000 01189nam a2200241Ia 4500
003 Ost
005 20260507075715.0
008 260507s9999||||xx |||||||||||||| ||und||
020 _a9789931333876
040 _cfsecg
041 _aara
082 _a658.151
100 _aقالون، جيلالي
_eمؤلف
245 0 _aالحوكمة والإتصال المالي في المؤسسة الاقتصادية /
_c جيلالي قالون
260 _aالجزائر:
_bدار الكتاب العربي,
_c2023
300 _a128 صفحة؛
_bإيضاحات ؛
_c24 سم
504 _aمراجع ص.117
520 _aماهية حوكمة الشركات، مفهومها وعوامل ظهورها، بالاضافة الى أهميتها، مبادئ ومحددات حوكمة الشركات،الاتصال في المؤسسة الاقتصادية، والمحاسبة والاتصال المالي، مع الأطراف المعنية بالاتصال المالي ووسائله،مع تأثيرات الحوكمة عليه.
653 _aالرقابة المالية
653 _aحوكمة الشركات
653 _aمراجعة الحسابات
942 _cكتاب
999 _c45915
_d45915